Historic Figures Everyone Should Know - Statistics

General Stats
  • This quiz has been taken 49 times
  • The average score is 17 of 29
Answer Stats
Hint Answer % Correct
The only president who served more than 2 terms who signed the Green New Deal. Franklin Delano Roosevelt
90%
Founder of The Academy, writer of the Republic, and rival of Aristotle Plato
88%
The "Virign" Queen of England Queen Elizabeth I
88%
President who famously stated "I am not a crook" in an interview right after his alleged break-in to a hotel with classified documents in it. Richard Nixon
83%
Famous President who's Mar a Lago estate was raided by the FBI in early 2022 due to information on several crate loads of classified documents regarding Nuclear information upon other things. Donald J. Trump
76%
American president that authorized the use of atomic weapons on Japan Harry Truman
73%
Director of "Vertigo" and "Psycho" Alfred Hitchcock
71%
Liberator of South America, named "El Libertador" (The Liberator) Simon Bolivar
71%
Philosopher who founded a famous Chinese religion who supposed found gunpowder in 500 BCE Confucius
68%
His assassination is the origin of the term "backstabber" Julius Caesar
66%
Conqueror of the Persian Empire after being tutored by a famous Greek Philosopher Alexander the Great
63%
Caesar's best friend who betrayed him on the Senate floor, sparking the famous Shakespearean line, "Et tu Brute?" Brutus
63%
Writer of "Wuthering Heights" Emily Bronte
63%
Inventor of the nuclear bomb who said quote, "I am become death, destroyer of worlds." Robert J. Oppenheimer
63%
Tutor of Alexander the Great, writer of Nicomachean Ethics, and founder of Metaphysics Aristotle
61%
First emperor of Rome, adopted son of Caesar, and originally named Octavian Augustus
61%
American General of the Pacific War in WW2 that famously stated "I shall return." Douglas MacArthur
61%
First true philosopher who stated "The only thing that I know is that I know nothing," who taught Plato. Socrates
61%
Originally named Temujin, this famous conqueror from the Steppe had the biggest empire in history, stretching from The Coast of China far into Saudi Arabia and Russia. Genghis Khan
56%
Founder of the Church of England, beheader of his wives, and overall crazy dude King Henry VIII
56%
Lover of Cleopatra and friend of Julius Caesar, also the direct rival of Augustus Marc Antony
56%
Founder of Facebook Mark Zuckerberg
56%
Real name of Marilyn Monroe Norma Jean
54%
Leader of the Aztec Empire who was conquered by Hernan Cortez Montezuma II
46%
Confederate President during the Civil War. Jefferson Davis
37%
Arguably the most influential Supreme Court Justice, who's decisions in cases such as Marbury Vs Madison shaped the US into what is is today John Marshall
37%
Talk show host who does carpool karaoke with celebrities who is being forced to retire in 2023 due to several controversies. James Corden
34%
Existential Philosopher who wrote "Either/Or" and "Fear and Trembling." also being regarded as the first Existential Philosopher. Soren Kierkegaard
17%
American general who marched into Mexico City during the Spanish American War. Winifield Scott
15%
No matching quizzes found
Score Distribution
Percent of People with Each Score
Percentile by Number Answered
Your Score History
You have not taken this quiz